Doporučení pro přepis nelatinkových písem do latinky
Saved in:
| Format: | Book |
|---|---|
| Language: | Czech |
| Published: |
Praha
Národní knihovna České republiky
2006
|
| Edition: | 2. dopl. vyd. |
| Series: | Standardizace
č. 27 |
| Subjects: | |
| Tags: |
No Tags, Be the first to tag this record!
|
MARC
| LEADER | 00000nam$a2200000$$$4500 | ||
|---|---|---|---|
| 001 | 0056321 | ||
| 005 | 20221125091933.2 | ||
| 020 | |a 80-7050-509-5 | ||
| 022 | |a 1211-7366 | ||
| 041 | 0 | |a cze | |
| 044 | |a CZ | ||
| 245 | 1 | 0 | |a Doporučení pro přepis nelatinkových písem do latinky |
| 250 | |a 2. dopl. vyd. | ||
| 264 | 1 | |a Praha |b Národní knihovna České republiky |c 2006 | |
| 300 | |a 47 s. | ||
| 490 | 1 | |a Standardizace |v č. 27 | |
| 830 | 0 | |a Standardizace |v č. 27 | |
| 610 | 2 | 0 | |a knihovníctvo |
| 610 | 2 | 0 | |a štandardy |
| 610 | 2 | 0 | |a štandardizácia |
| 610 | 2 | 0 | |a písmo |